Futurama - Sudden Death - Statistics

General Stats
  • This quiz has been taken 43 times
  • The average score is 4 of 26
Answers on the Grid
Answers color-coded by a green-red scale on the quiz's grid according to % correct below.
Adam West
Al Gore
Anthony Hopkins
Beck
Bernie Sanders
Bo Jackson
Busta Rhymes
Buzz Aldrin
Cara Delevingne
Chadwick Boseman
Coolio
Claudia Schiffer
Danny Trejo
Diane Keaton
Donald Trump
Donovan
Elon Musk
Eminem
George Takei
Gigi Hadid
Guillermo del Toro
Hank Aaron
Jack Nicholson
Jeff Bezos
Jimmy Kimmel
Kate Upton
Kenny G
Kobe Bryant
Larry Bird
Leonard Nimoy
Lucy Liu
Margot Robbie
Mark Hamill
Michael Jordan
Michelle Pfeiffer
Neil deGrasse Tyson
Nina Simone
Pamela Anderson
Pauly Shore
Robin Williams
Sarah Silverman
Sean Penn
Sergio Aragonés
Sigourney Weaver
Stephen Colbert
Stephen Hawking
Stevie Wonder
Tiger Woods
Tom Brady
Tom Kenny
William Shatner
 
Answer Stats
Answer % Correct
Al Gore
62%
Beck
35%
Adam West
31%
Buzz Aldrin
27%
George Takei
23%
Leonard Nimoy
23%
Lucy Liu
23%
Coolio
15%
Donovan
15%
Pamela Anderson
15%
Stephen Hawking
15%
William Shatner
15%
Sigourney Weaver
12%
Claudia Schiffer
8%
Hank Aaron
8%
Mark Hamill
8%
Neil deGrasse Tyson
8%
Tom Kenny
8%
Danny Trejo
4%
Larry Bird
4%
Pauly Shore
4%
Sarah Silverman
4%
Cara Delevingne
0%
Guillermo del Toro
0%
Kenny G
0%
Sergio Aragonés
0%
No matching quizzes found
Score Distribution
Percent of People with Each Score
Percentile by Number Answered
Your Score History
You have not taken this quiz